Living life fully : (Record no. 103985)
[ view plain ]
| 000 -LEADER | |
|---|---|
| fixed length control field | 00516nam a2200157 a 4500 |
| 005 - DATE AND TIME OF LATEST TRANSACTION | |
| control field | 20140412111311.0 |
| 008 - FIXED-LENGTH DATA ELEMENTS--GENERAL INFORMATION | |
| fixed length control field | 010327s19uu xx 00 eng d |
| 020 ## - INTERNATIONAL STANDARD BOOK NUMBER | |
| International Standard Book Number | 971-8984-01-1 |
| 050 ## - LIBRARY OF CONGRESS CALL NUMBER | |
| Classification number | M 158.1 |
| Item number | T36 1998 |
| 100 ## - MAIN ENTRY--PERSONAL NAME | |
| Personal name | Tan, Earnest L. |
| 245 ## - TITLE STATEMENT | |
| Title | Living life fully : |
| Remainder of title | requisites for personal growth and change / |
| Statement of responsibility, etc | Earnest L. Tan; foreword by Fr. Ruben J. Villote. |
| 260 ## - PUBLICATION, DISTRIBUTION, ETC. (IMPRINT) | |
| Place of publication, distribution, etc | Quezon City : |
| Name of publisher, distributor, etc | Spiritus Works Publications, |
| Date of publication, distribution, etc | 1990. |
| 300 ## - PHYSICAL DESCRIPTION | |
| Extent | ix p. ; 81 p. |
| 650 ## - SUBJECT ADDED ENTRY--TOPICAL TERM | |
| Topical term or geographic name as entry element | Inspirational |
| Withdrawn status | Lost status | Damaged status | Home library | Current library | Shelving location | Date acquired | Source of acquisition | Total Checkouts | Full call number | Barcode | Date last seen | Price effective from | Koha item type |
|---|---|---|---|---|---|---|---|---|---|---|---|---|---|
| Elizalde Library | Elizalde Library | Main Section | 03/27/2001 | M 158.1 T36 1998 | E6214 | 04/12/2014 | 04/12/2014 | Books |